Monitoring the 2002 code of practice for commercial leases (Record no. 104038)
[ view plain ]
| 000 -LEADER | |
|---|---|
| fixed length control field | 01268cam a2200241 4500 |
| 001 - CONTROL NUMBER | |
| control field | J128920 |
| 008 - FIXED-LENGTH DATA ELEMENTS--GENERAL INFORMATION | |
| fixed length control field | 050303n2004 000 0 eng u |
| 035 ## - SYSTEM CONTROL NUMBER | |
| System control number | (Sirsi) u128920 |
| 050 ## - LIBRARY OF CONGRESS CALL NUMBER | |
| Classification number | 346.4104343 |
| -- | 18 |
| 100 ## - MAIN ENTRY--PERSONAL NAME | |
| Personal name | Crosby, Neil |
| 245 ## - TITLE STATEMENT | |
| Title | Monitoring the 2002 code of practice for commercial leases |
| Remainder of title | interim report |
| 260 ## - PUBLICATION, DISTRIBUTION, ETC. | |
| Place of publication, distribution, etc. | Reading |
| Name of publisher, distributor, etc. | University of Reading |
| Date of publication, distribution, etc. | 2004 |
| 520 ## - SUMMARY, ETC. | |
| Summary, etc. | Interim report on research, carried out by Reading University on behalf of the ODPM, into the success of the voluntary "A code of practice for commercial leases in England and Wales" (ISBN 1842190989) in making lease market fairer and more flexible. The research shows shows that many business tenants are still subject to upward only rent review provisions and other restrictions. View at www.reading.ac.uk/crer/. |
| 590 ## - LOCAL NOTE (RLIN) | |
| Local note | KA |
| 650 ## - SUBJECT ADDED ENTRY--TOPICAL TERM | |
| Topical term or geographic name entry element | CODE FOR LEASING BUSINESS PREMISES IN ENGLAND AND WALES |
| 650 ## - SUBJECT ADDED ENTRY--TOPICAL TERM | |
| Topical term or geographic name entry element | UPWARD ONLY RENT REVIEWS |
| 690 ## - LOCAL SUBJECT ADDED ENTRY--TOPICAL TERM (OCLC, RLIN) | |
| Topical term or geographic name as entry element | LANDLORD AND TENANT-BUSINESS TENANCIES |
| 700 ## - ADDED ENTRY--PERSONAL NAME | |
| Personal name | Hughes, Cathy |
| 700 ## - ADDED ENTRY--PERSONAL NAME | |
| Personal name | Murdoch, Sandi |
| 710 ## - ADDED ENTRY--CORPORATE NAME | |
| Corporate name or jurisdiction name as entry element | University of Reading |
| Subordinate unit | Centre for Real Estate Research |
| 9 (RLIN) | 4678 |
| 856 ## - ELECTRONIC LOCATION AND ACCESS | |
| Uniform Resource Identifier | <a href="https://www.reading.ac.uk/rep/leasefinal.pdf">https://www.reading.ac.uk/rep/leasefinal.pdf</a> |
| Public note | View the interim report on the University of Reading website... |
| 942 ## - ADDED ENTRY ELEMENTS (KOHA) | |
| Suppress in OPAC | 0 |
| Withdrawn status | Lost status | Source of classification or shelving scheme | Damaged status | Not for loan | Home library | Current library | Shelving location | Date acquired | Total Checkouts | Full call number | Barcode | Date last seen | Copy number | Price effective from | Koha item type |
|---|---|---|---|---|---|---|---|---|---|---|---|---|---|---|---|
| Dewey Decimal Classification | Virtual | Virtual | Online | 03/03/2005 | ONLINE PUBLICATION | 128920-1001 | 06/08/2019 | 1 | 06/08/2019 | Book |